NBA Duke Alumni - Statistics

General Stats
  • This quiz has been taken 10 times
  • The average score is 15 of 113
Answer Stats
Hint Answer % Correct
2010 Elliot Williams
86%
1994 Grant Hill
86%
2002 Jay Williams
86%
2011 Kyrie Irving
86%
2022 Mark Williams
86%
2006 Sheldon Williams
86%
1993 Thomas Hill
86%
1992 Christian Laettner
71%
2019 Zion Williamson
71%
1993 Bobby Hurley
57%
2006 J.J. Redick
57%
2003 Dahntay Jones
43%
2017 Jayson Tatum
43%
2020 Tre Jones
43%
2015 Tyus Jones
43%
2016 Brandon Ingram
29%
1958 Bucky Allen
29%
1999 Elton Brand
29%
2017 Frank Jackson
29%
2018 Grayson Allen
29%
2011 Nolan Smith
29%
2022 Paolo Banchero
29%
1994 Antonio Lang
14%
1992 Brian Davis
14%
2019 Cam Reddish
14%
2002 Carlos Boozer
14%
1995 Cherokee Parks
14%
2005 Daniel Ewing
14%
1989 Danny Ferry
14%
2023 Dereck Lively II
14%
2014 Jabari Parker
14%
2015 Jahlil Okafor
14%
2021 Jalen Johnson
14%
1979 Jim Spanarkel
14%
1986 Johnny Dawkins
14%
1980 Mike Gminski
14%
2019 R.J. Barrett
14%
2001 Shane Battier
14%
1987 Tommy Amaker
14%
1999 Trajan Langdon
14%
2022 A.J. Griffin Jr.
0%
1990 Alaa Abdelnaby
0%
1963 Art Heyman
0%
2012 Austin Rivers
0%
1954 Bernie Janicki
0%
1979 Bob Bender
0%
1975 Bob Fleischer
0%
1967 Bob Riedy
0%
1967 Bob Verga
0%
2020 Cassius Stanley
0%
2000 Chris Carrawell
0%
2004 Chris Duhon
0%
1999 Corey Maggette
0%
1985 Dan Meagher
0%
2023 Dariq Whitehead
0%
1986 Dave Henderson
0%
1952 Dick Groat
0%
1961 Doug Kistler
0%
1947 Ed Koffenberger
0%
1995 Erik Meek
0%
1968 Fred Lind
0%
1973 Gary Melchionni
0%
2018 Gary Trent Jr.
0%
1981 Gene Banks
0%
2009 Gerald Henderson
0%
1986 Greg Wendt
0%
2017 Harry Giles
0%
1965 Haskell Tison
0%
1961 Howard Hunt
0%
1966 Jack Marin
0%
1986 Jay Bilas
0%
1964 Jay Buckley
0%
1964 Jeff Mullins
0%
1958 Jim Newcomb
0%
1956 Joe Belmont
0%
1968 Joe Kennedy
0%
2007 Josh McRoberts
0%
1956 Junior Morgan
0%
2015 Justice Winslow
0%
1981 Kenny Dennard
0%
2011 Kyle Singler
0%
1971 Larry Saunders
0%
2017 Luke Kennard
0%
2004 Luol Deng
0%
1986 Mark Alarie
0%
1977 Mark Crow
0%
1987 Martin Nessley
0%
2018 Marvin Bagley III
0%
2013 Mason Plumlee
0%
2016 Micheal Patrick-Gbinije
0%
2002 Mike Dunleavy
0%
1968 Mike Lewis
0%
2012 Miles Plumlee
0%
1990 Phil Henderson
0%
1971 Randy Denton
0%
1971 Rick Katherman
0%
2014 Rodney Hood
0%
1956 Ronnie Mayer
0%
1998 Roshown McLeod
0%
1954 Rudy D'Emilio
0%
2013 Ryan Kelly
0%
2017 Semi Ojeleye
0%
1966 Steve Vacendak
0%
1969 Steve Vandenberg
0%
1977 Tate Armstrong
0%
1983 Tom Emma
0%
2022 Trevor Keels
0%
2020 Vernon Carey Jr.
0%
1982 Vince Taylor
0%
2018 Wendell Carter Jr.
0%
2022 Wendell Moore Jr.
0%
1999 William Avery
0%
1976 Willie Hodge
0%
No matching quizzes found
Score Distribution
Percent of People with Each Score
Percentile by Number Answered
Your Score History
You have not taken this quiz